đź“–150 premiers mots "La vengeance dans la peau" Robert Ludlum chap1 - Statistiques

Statistiques générales
  • Ce quiz a Ă©tĂ© pris 8 fois
  • Le rĂ©sultat moyen est 67 sur 150
Statistiques - réponses
Mots % Correct
Ă 
100%
d'
100%
de
100%
des
100%
Des
100%
et
100%
l'
100%
par
100%
s'
100%
un
100%
une
100%
la
86%
le
86%
leur
86%
leur ...
86%
ne
86%
qui
86%
sur
86%
Baltimore,
71%
En
71%
en
71%
les
71%
ou
71%
pour
71%
tout
71%
ceux
57%
dans
57%
Dans
57%
était
57%
flonflons.
57%
nuit,
57%
petit
57%
tous
57%
celle
43%
sans
43%
avant
29%
Deux
29%
long
29%
parc
29%
attractions
14%
ciel
14%
cri
14%
étendait
14%
haut-
14%
impression
14%
lac
14%
musique
14%
pénétrant
14%
périphérie
14%
pouvaient
14%
première
14%
sauf
14%
tĂŞte
14%
visages
14%
accompagnés
0%
allée
0%
ampoules
0%
aquatiques.
0%
artifice,
0%
assourdissante.
0%
bonimenteurs
0%
braillements
0%
cacophonie
0%
campagne,
0%
centrale
0%
chandelles
0%
clignotaient
0%
couleurs
0%
cous,
0%
couvrir
0%
crachaient
0%
déchirant
0%
dégoulinait
0%
descentes
0%
dévalant
0%
discontinuer
0%
étroite
0%
feux
0%
foire,
0%
furieusement
0%
gerbes
0%
hurlaient
0%
illuminaient
0%
laissaient
0%
marchandise
0%
moiteur
0%
montagnes
0%
multicolores
0%
multitude
0%
parleurs
0%
piste
0%
plaisir
0%
plonger
0%
rase
0%
retenir
0%
retomber
0%
romaines
0%
russes
0%
sinueuse
0%
sueur
0%
ténèbres,
0%
toboggans
0%
torrents
0%
tue-
0%
vantant
0%
vertigineuses
0%
vives
0%
voisin
0%
Aucun quiz correspondant
Distribution des résultats
% des personnes avec chaque résultat
Percentile par nombre de réponses
Votre historique - résultats
Vous n’avez pas pris ce quiz